English Nature (Record no. 119488)

MARC details
000 -LEADER
fixed length control field 00890cam a2200217 4500
001 - CONTROL NUMBER
control field WS106550
008 - FIXED-LENGTH DATA ELEMENTS--GENERAL INFORMATION
fixed length control field 000000n 000 0 eng u
035 ## - SYSTEM CONTROL NUMBER
System control number (Sirsi) u106550
110 ## - MAIN ENTRY--CORPORATE NAME
Corporate name or jurisdiction name as entry element English Nature
9 (RLIN) 3309
245 ## - TITLE STATEMENT
Title English Nature
520 ## - SUMMARY, ETC.
Summary, etc. Web site for this organisation which is the statutory service responsible for looking after England's wild plants, animals and natural features. It includes details of its inquiry service, National Nature Reserves and biodiversity action plans.
650 ## - SUBJECT ADDED ENTRY--TOPICAL TERM
Topical term or geographic name entry element NATIONAL NATURE RESERVES
650 0# - SUBJECT ADDED ENTRY--TOPICAL TERM
Topical term or geographic name entry element BIODIVERSITY ACTION PLANS
650 ## - SUBJECT ADDED ENTRY--TOPICAL TERM
Topical term or geographic name entry element LOCAL NATURE RESERVES
650 0# - SUBJECT ADDED ENTRY--TOPICAL TERM
Topical term or geographic name entry element HEATHLAND
650 ## - SUBJECT ADDED ENTRY--TOPICAL TERM
Topical term or geographic name entry element Environment
9 (RLIN) 6238
650 ## - SUBJECT ADDED ENTRY--TOPICAL TERM
Topical term or geographic name entry element SPECIAL AREAS OF CONSERVATION
690 ## - LOCAL SUBJECT ADDED ENTRY--TOPICAL TERM (OCLC, RLIN)
Topical term or geographic name as entry element RURAL-NATURE CONSERVATION
856 40 - ELECTRONIC LOCATION AND ACCESS
Uniform Resource Identifier <a href="https://www.english-nature.org.uk">https://www.english-nature.org.uk</a>
Public note View the website free of charge at www.english-nature.org.uk...
942 ## - ADDED ENTRY ELEMENTS (KOHA)
Suppress in OPAC 0
Holdings
Withdrawn status Lost status Source of classification or shelving scheme Damaged status Not for loan Home library Current library Shelving location Date acquired Total Checkouts Full call number Barcode Date last seen Copy number Price effective from Koha item type
    Dewey Decimal Classification     Virtual Virtual Online 19/06/2000   WEB SITE 106550-2001 06/08/2019 1 06/08/2019 Online material